00957cam a2200193 a 4500020002500000020002200025041000800047082001600055100002800071245004100099260004800140300001800188505031100206650003200517942000700549952009500556952009500651999001700746 a9780801048647 (pbk.) a0801048648 (pbk.) aENG00a225.92bBOC1 aBockmuehl, Markus N. A.10aSimon Peter in Scripture and memory  aGrand Rapids, MI :bBaker Academic,cc2012. axvi, 223 p. ;0 aPeter in canon and memory. Simon Peter... in living memory? -- The New Testament Peter: an overview -- Peter in the "living memory" of East and West. The eastern Peter -- The western Peter -- History and memory: two case studies. How Peter became a disciple -- From unlikely birthplace to a global mission. 0aPeteraThe Apostle - Saint cBK 00104070aHMIbHMIcGENd2018-11-19l0o225.92 BOCp11003891r2026-01-16w2026-01-16yBK 00104070aHMIbHMIcGENd2018-11-19l0o225.92 BOCp11003892r2026-01-16w2026-01-16yBK c22523d22523